000 01428nam a2200433 i 4500
001 54824
003 KOSZ 005
005 20251127114940.0
008 080110s2007 pl a f |001 0 pol
015 _aPB 2008/4661
020 _a9788301151447
040 _aWA N
_cWA N
_dKOSZ 005/HR
046 _k2007
080 _a640.41/.42
080 _a005
080 _a(07)
100 1 _aBorkowski, Stanisław
_eAutor
_d(1945- )
245 1 0 _aJakość i efektywność usług hotelarskich /
_cStanisław Borkowski, Ewa Wszendybył.
260 _aWarszawa :
_bWydawnictwo Naukowe PWN,
_c2007.
300 _a233, [1] s. :
_bil. ;
_c24 cm.
336 _2rdacontent
_aTekst
_btxt
337 _2rdamedia
_aBez urządzenia pośredniczącego
_bn
338 _2rdacarrier
_aWolumin
_bnc
380 _aKsiążki
380 _aPublikacje dydaktyczne
385 _mPoziom nauczania
_aSzkoły wyższe
388 _a2001
504 _aBibliogr. przy rozdz. Indeks.
650 4 _aZarządzanie
650 4 _aUsługi
650 4 _aHotelarstwo
655 4 _aPodręcznik
658 _aGospodarka, ekonomia, finanse
658 _aZarządzanie i marketing
700 1 _aWszendybył-Skulska, Ewa.
_eAutor
710 2 _aWydawnictwo Naukowe PWN
_4pbl.
856 _uhttp://koha.tu.koszalin.pl/cgi-bin/koha/opac-detail.pl?biblionumber=54824
_yKatalog online BPK
942 _2UKD
_cKS
999 _c54824
_d54824